Exploring the role of pricing as a congestion management tool (Record no. 543102)

000 -LEADER
fixed length control field 00540nam a22001457a 4500
082 ## - DEWEY DECIMAL CLASSIFICATION NUMBER
Classification number 388.044
Author Mark EXP
-- D
110 ## - MAIN ENTRY--CORPORATE NAME
Corporate name or jurisdiction name as entry element Federal Highway Administration And The Federal Transit Administration.
9 (RLIN) 38477
245 ## - TITLE STATEMENT
Title Exploring the role of pricing as a congestion management tool
260 ## - PUBLICATION, DISTRIBUTION, ETC.
Place of publication, distribution, etc. Washington
Name of publisher, distributor, etc. Federal Highway Administration And The Federal Transit Administration.
Date of publication, distribution, etc. 1991.
300 ## - PHYSICAL DESCRIPTION
Extent ix, 17p.:
526 ## - STUDY PROGRAM INFORMATION NOTE
Program name 0
Interest level 0
Reading level 0
Title point value 388_044000000000000_EXP
526 ## - STUDY PROGRAM INFORMATION NOTE
Program name 0
Interest level 0
Reading level 0
Title point value 388_044000000000000_EXP
650 ## - SUBJECT ADDED ENTRY--TOPICAL TERM
Topical term or geographic name entry element MCE
9 (RLIN) 379
942 ## - ADDED ENTRY ELEMENTS (KOHA)
Source of classification or shelving scheme
Koha item type Book
Holdings
Withdrawn status Lost status Source of classification or shelving scheme Damaged status Not for loan Permanent Location Current Location Date acquired Total Checkouts Full call number Barcode Date last seen Price effective from Koha item type
          Military College of Engineering (MCE) Military College of Engineering (MCE) 03/05/2014   388.044 EXP MCE-42134 03/05/2014 03/05/2014 Book
          Military College of Engineering (MCE) Military College of Engineering (MCE) 03/05/2014   388.044 EXP MCE-43118 03/05/2014 03/05/2014 Book
© 2023 Central Library, National University of Sciences and Technology. All Rights Reserved.